Countries by Airlines - Statistics

General Stats
  • This quiz has been taken 56 times
  • The average score is 10 of 12
Answer Stats
Picture Answer % Correct
China
100%
South Korea
100%
Japan
98%
Thailand
98%
United States of America
98%
Mongolia
96%
Vietnam
91%
Netherlands
89%
North Korea
73%
Nepal
71%
Malaysia
69%
Mexico
47%
No matching quizzes found
Score Distribution
Percent of People with Each Score
Percentile by Number Answered
Your Score History
You have not taken this quiz